00510nam a22001697a 450000500170000001000150001702000260003203500130005803700130007108200080008410000240009224500840011626000300020027000400023030000200027050000500029020140808123014.0 aENG-110489 a9788190598019c250.00 aEN-94021 bDBAD/PUB a921 aBall, Updendra Nath aRammohun Roy :cby Upendra Nath Ballba study of his life, works and thoughts / bBibliophilc2009aKolkata a206, Bidhan SaranibKolkatae700006 a276p.c24cm(Hb) aIncludes bibliographical references and index